<?xml version="1.0" encoding="UTF-8"?>
<record
    xmlns:xsi="http://www.w3.org/2001/XMLSchema-instance"
    xsi:schemaLocation="http://www.loc.gov/MARC21/slim http://www.loc.gov/standards/marcxml/schema/MARC21slim.xsd"
    xmlns="http://www.loc.gov/MARC21/slim">

  <leader>04093cam a22005297i 4500</leader>
  <controlfield tag="001">23149147</controlfield>
  <controlfield tag="003">OSt</controlfield>
  <controlfield tag="005">20230907131324.0</controlfield>
  <controlfield tag="006">m     o  d        </controlfield>
  <controlfield tag="007">cr cnu---unuuu</controlfield>
  <controlfield tag="008">210729s2022    enk     ob    001 0 eng d</controlfield>
  <datafield tag="010" ind1=" " ind2=" ">
    <subfield code="a">  2021762294</subfield>
  </datafield>
  <datafield tag="020" ind1=" " ind2=" ">
    <subfield code="z">9781032233499</subfield>
  </datafield>
  <datafield tag="020" ind1=" " ind2=" ">
    <subfield code="z">9781138056794</subfield>
  </datafield>
  <datafield tag="035" ind1=" " ind2=" ">
    <subfield code="a">(OCoLC)1262136394</subfield>
  </datafield>
  <datafield tag="037" ind1=" " ind2=" ">
    <subfield code="a">9781003195795</subfield>
    <subfield code="b">Taylor &amp; Francis</subfield>
  </datafield>
  <datafield tag="040" ind1=" " ind2=" ">
    <subfield code="a">N$T</subfield>
    <subfield code="b">eng</subfield>
    <subfield code="e">rda</subfield>
    <subfield code="e">pn</subfield>
    <subfield code="c">N$T</subfield>
    <subfield code="d">N$T</subfield>
    <subfield code="d">OCLCO</subfield>
    <subfield code="d">TYFRS</subfield>
    <subfield code="d">OCLCF</subfield>
    <subfield code="d">OCLCQ</subfield>
    <subfield code="d">OCLCO</subfield>
    <subfield code="d">OCLCQ</subfield>
    <subfield code="d">DLC</subfield>
  </datafield>
  <datafield tag="042" ind1=" " ind2=" ">
    <subfield code="a">lccopycat</subfield>
  </datafield>
  <datafield tag="043" ind1=" " ind2=" ">
    <subfield code="a">a-ii---</subfield>
  </datafield>
  <datafield tag="050" ind1="0" ind2="0">
    <subfield code="a">HX391.5</subfield>
  </datafield>
  <datafield tag="072" ind1=" " ind2="7">
    <subfield code="a">POL</subfield>
    <subfield code="x">054000</subfield>
    <subfield code="2">bisacsh</subfield>
  </datafield>
  <datafield tag="072" ind1=" " ind2="7">
    <subfield code="a">POL</subfield>
    <subfield code="x">005000</subfield>
    <subfield code="2">bisacsh</subfield>
  </datafield>
  <datafield tag="072" ind1=" " ind2="7">
    <subfield code="a">POL</subfield>
    <subfield code="x">010000</subfield>
    <subfield code="2">bisacsh</subfield>
  </datafield>
  <datafield tag="072" ind1=" " ind2="7">
    <subfield code="a">1F</subfield>
    <subfield code="2">bicssc</subfield>
  </datafield>
  <datafield tag="082" ind1="0" ind2="4">
    <subfield code="a">320.532095483</subfield>
    <subfield code="b">MAN/C</subfield>
  </datafield>
  <datafield tag="100" ind1="1" ind2=" ">
    <subfield code="a">Mannathukkaren, Nissim</subfield>
    <subfield code="e">author.</subfield>
    <subfield code="9">9438</subfield>
  </datafield>
  <datafield tag="245" ind1="1" ind2="0">
    <subfield code="a">Communism, subaltern studies and postcolonial theory :</subfield>
    <subfield code="b">the left in south India /</subfield>
    <subfield code="c">Nissim Mannathukkaren.</subfield>
  </datafield>
  <datafield tag="264" ind1=" " ind2="1">
    <subfield code="a">Abingdon, Oxon :</subfield>
    <subfield code="b">Routledge,</subfield>
    <subfield code="c">2022.</subfield>
  </datafield>
  <datafield tag="300" ind1=" " ind2=" ">
    <subfield code="a">437 p</subfield>
  </datafield>
  <datafield tag="504" ind1=" " ind2=" ">
    <subfield code="a">Includes bibliographical references and index.</subfield>
  </datafield>
  <datafield tag="520" ind1=" " ind2=" ">
    <subfield code="a">This book is a thematic history of the communist movement in Kerala, the first major region (in terms of population) in the world to democratically elect a communist government. It analyzes the nature of the transformation brought about by the communist movement in Kerala, and what its implications could be for other postcolonial societies. The volume engages with the key theoretical concepts in postcolonial theory and Subaltern Studies, and contributes to the debate between Marxism and postcolonial theory, especially its recent articulations. The volume presents a fresh empirical engagement with theoretical critiques of Subaltern Studies and postcolonial theory, in the context of their decades-long scholarship in India. It discusses important thematic moments in Kerala's communist history which include -- the processes by which it established its hegemony, its cultural interventions, the institution of land reforms and workers' rights, and the democratic decentralization project, and, ultimately, communism's incomplete national-popular and its massive failures with regard to the caste question. A significant contribution to scholarship on democracy and modernity in the Global South, this volume will be of great interest to scholars and researchers of politics, specifically political theory, democracy and political participation, political sociology, development studies, postcolonial theory, Subaltern Studies, Global South Studies, and South Asia Studies.</subfield>
  </datafield>
  <datafield tag="545" ind1="0" ind2=" ">
    <subfield code="a">Nissim Mannathukkaren is Associate Professor in the International Development Studies Department at Dalhousie University, Canada. He is the author of the book The Rupture with Memory: Derrida and the Specters that Haunt Marxism(2006). His research has been published in journals such as Citizenship Studies, Journal of Peasant Studies, Third World Quarterly, Economic and Political Weekly, Journal of Critical Realism, International Journal of the History of Sport, Dialectical Anthropology, Inter-Asia Cultural Studies, and Sikh Formations. He is a regular op-ed contributor to the English-language press in India.</subfield>
  </datafield>
  <datafield tag="588" ind1="0" ind2=" ">
    <subfield code="a">Print version record.</subfield>
  </datafield>
  <datafield tag="650" ind1=" " ind2="0">
    <subfield code="a">Communism</subfield>
    <subfield code="z">India</subfield>
    <subfield code="z">Kerala</subfield>
    <subfield code="x">History.</subfield>
  </datafield>
  <datafield tag="650" ind1=" " ind2="0">
    <subfield code="a">Postcolonialism</subfield>
    <subfield code="z">India</subfield>
    <subfield code="z">Kerala.</subfield>
  </datafield>
  <datafield tag="650" ind1=" " ind2="6">
    <subfield code="a">Postcolonialisme</subfield>
    <subfield code="z">Inde</subfield>
    <subfield code="z">Kerala.</subfield>
  </datafield>
  <datafield tag="650" ind1=" " ind2="7">
    <subfield code="a">POLITICAL SCIENCE</subfield>
    <subfield code="x">Political Ideologies</subfield>
    <subfield code="x">Communism &amp; Socialism.</subfield>
    <subfield code="2">bisacsh</subfield>
  </datafield>
  <datafield tag="650" ind1=" " ind2="7">
    <subfield code="a">POLITICAL SCIENCE</subfield>
    <subfield code="x">History &amp; Theory.</subfield>
    <subfield code="2">bisacsh</subfield>
  </datafield>
  <datafield tag="650" ind1=" " ind2="7">
    <subfield code="a">Communism.</subfield>
    <subfield code="2">fast</subfield>
    <subfield code="0">(OCoLC)fst00870421</subfield>
  </datafield>
  <datafield tag="650" ind1=" " ind2="7">
    <subfield code="a">Politics and government.</subfield>
    <subfield code="2">fast</subfield>
    <subfield code="0">(OCoLC)fst01919741</subfield>
  </datafield>
  <datafield tag="650" ind1=" " ind2="7">
    <subfield code="a">Postcolonialism.</subfield>
    <subfield code="2">fast</subfield>
    <subfield code="0">(OCoLC)fst01073032</subfield>
  </datafield>
  <datafield tag="651" ind1=" " ind2="0">
    <subfield code="a">Kerala (India)</subfield>
    <subfield code="x">Politics and government.</subfield>
  </datafield>
  <datafield tag="651" ind1=" " ind2="7">
    <subfield code="a">India</subfield>
    <subfield code="z">Kerala.</subfield>
    <subfield code="2">fast</subfield>
    <subfield code="0">(OCoLC)fst01205181</subfield>
  </datafield>
  <datafield tag="655" ind1=" " ind2="7">
    <subfield code="a">History.</subfield>
    <subfield code="2">fast</subfield>
    <subfield code="0">(OCoLC)fst01411628</subfield>
  </datafield>
  <datafield tag="776" ind1="0" ind2="8">
    <subfield code="i">Print version:</subfield>
    <subfield code="a">MANNATHUKKAREN, NISSIM.</subfield>
    <subfield code="t">COMMUNISM, SUBALTERN STUDIES AND POSTCOLONIAL THEORY.</subfield>
    <subfield code="d">[Place of publication not identified] : ROUTLEDGE INDIA, 2021</subfield>
    <subfield code="z">1138056790</subfield>
    <subfield code="w">(OCoLC)1237631445</subfield>
  </datafield>
  <datafield tag="942" ind1=" " ind2=" ">
    <subfield code="2">ddc</subfield>
    <subfield code="c">BK</subfield>
  </datafield>
  <datafield tag="952" ind1=" " ind2=" ">
    <subfield code="0">0</subfield>
    <subfield code="1">0</subfield>
    <subfield code="2">ddc</subfield>
    <subfield code="4">0</subfield>
    <subfield code="7">0</subfield>
    <subfield code="8">LIT</subfield>
    <subfield code="a">MES</subfield>
    <subfield code="b">MES</subfield>
    <subfield code="c">ENG</subfield>
    <subfield code="d">2023-09-07</subfield>
    <subfield code="l">0</subfield>
    <subfield code="o">320.532095483 MAN/C</subfield>
    <subfield code="p">42364</subfield>
    <subfield code="r">2023-09-07 16:15:41</subfield>
    <subfield code="v">1595.00</subfield>
    <subfield code="w">2023-09-07</subfield>
    <subfield code="y">BK</subfield>
    <subfield code="z">GR14R3</subfield>
  </datafield>
  <datafield tag="999" ind1=" " ind2=" ">
    <subfield code="c">42141</subfield>
    <subfield code="d">42141</subfield>
  </datafield>
</record>
